000 00557nam a22002057a 4500
003 OSt
005 20240626104843.0
008 240626b |||||||| |||| 00| 0 eng d
020 _a9781848210943
040 _cMUST
082 _a355.3 VEN 2009
100 _4Ventre, Daniel
245 _aInformation warfare/
_cDaniel Ventre
260 _aNew Jersey
_bWiley
_c2009
300 _axix,303p.:
_c20cm.
504 _aIncludes bibliographical references and index
650 _aInformation technology
_95622
650 _acomputer
_9533
942 _2ddc
_cO_SHELF
999 _c8886
_d8886